| 000 | 01950cam a22004454i 4500 | ||
|---|---|---|---|
| 003 | PE-LiUPU | ||
| 005 | 20250731172915.0 | ||
| 008 | 150617s1960 cau r 000 0 eng d | ||
| 035 | _a(Sirsi) a18877 | ||
| 040 |
_aPE-LiUPU _bspa _cPE-LiUPU _dPE-LiUPU _erda |
||
| 049 | _aPRUA | ||
| 082 | 0 | 4 |
_a243 _bB48 _221 |
| 100 | 1 |
_aBietz, Arthur L. _q(Arthur Leo); _dc1960, _eautor. |
|
| 245 | 1 | 0 |
_aExploring God's answers / _cArthur L. Bietz. |
| 264 | 1 |
_aCalifornia : _bPacific Press Publishing Association, _c1960. |
|
| 300 |
_a182 páginas ; _c22 centímetros |
||
| 336 |
_atext _2rdacontent |
||
| 337 |
_aunmediated _2rdamedia |
||
| 338 |
_avolume _2rdacarrier |
||
| 505 | 0 | _aWhere faith begins -- The perfect God -- The creator God -- Your life can be changed -- Can we know right from wrong -- God isour home -- What is man? -- Witnessing of transformation -- The christian hope -- Love will win -- Divine space travel -- God's glory triumphs -- The God of history -- The drama of de universe -- Three divine messengers speak of God -- God's progressive self-revelation -- The wholeness of life -- Spiritualizing the material -- The prophetic impulse -- Love or perish -- Christian optimism -- The home of the redeemed. | |
| 526 | _aSEG42 | ||
| 526 | _aSEG41 | ||
| 526 | _aSEG40 | ||
| 526 | _aSEG39 | ||
| 526 | _aP94 | ||
| 526 | _aP87 | ||
| 526 | _aP86 | ||
| 526 | _aP85 | ||
| 526 | _aP77 | ||
| 526 | _aP76 | ||
| 526 | _aP35 | ||
| 650 | 0 | 4 |
_aAdventistas del séptimo día _xDoctrinas. |
| 650 | 0 | 4 |
_aConferencia General de los Adventistas del Séptimo Día _xLiteratura controversial. |
| 910 |
_ajck _bjvq _cjck _d20150616 |
||
| 942 |
_2ddc _cBOOK |
||
| 994 |
_aC0 _bPEPRU |
||
| 596 | _a1 | ||
| 999 |
_a243 B48 _wDEWEY _c18617 _i00460 _f2021-11-11 _g5 _lCCODEBUL1 _mBUL _r0 _sY _tBOOK _u2015-6-17 _xTEOLOGIA _PP35 _0COMPRA _o.STAFF. Colección General _d18617 |
||
| 980 |
_81 _gALBERTO SANCHEZ Responsable de Automatización |
||